Szczegóły MARC21

Bibliografia polska XIX stulecia. T. 1- /

003 -Nazwa inst., której nr kontr. jest w polu 001 [,]
    • @
    • Nazwa instytucji, której n kontrolny jest w polu 001
    • NUKAT
005 -DATA I CZAS OSTATNIEJ MODYFIKACJI [,]
    • @
    • pole kontrolne
    • 20250925123421.0
040 -Instytucja sporządzająca opis [ , ]
    • a
    • Instytucja, która sporządziła opis (NP)
    • WR O/dja
    • c
    • Instytucja, która sporządziła rekord (NP)
    • WR O/dja
    • d
    • Instytucja, która zmodyfikowała rekord (P)
    • WR O/djas
    • d
    • Instytucja, która zmodyfikowała rekord (P)
    • WR O/GW
    • d
    • Instytucja, która zmodyfikowała rekord (P)
    • TOR U/AP
    • d
    • Instytucja, która zmodyfikowała rekord (P)
    • WA 575/MR
    • d
    • Instytucja, która zmodyfikowała rekord (P)
    • WR O/dja
    • d
    • Instytucja, która zmodyfikowała rekord (P)
    • TOR U/LF
    • d
    • Instytucja, która zmodyfikowała rekord (P)
    • WR 194/UL
    • d
    • Instytucja, która zmodyfikowała rekord (P)
    • KR U/KZ
    • d
    • Instytucja, która zmodyfikowała rekord (P)
    • WR U/hb
    • d
    • Instytucja, która zmodyfikowała rekord (P)
    • WR O/KPD
    • d
    • Instytucja, która zmodyfikowała rekord (P)
    • WR U/hb
942 -Rodzaj dokumentu [ , ]
    • c
    • Rodzaj dokumentu
    • Książka
100 -Hasło główne - nazwa osobowa [1, ]
    • a
    • Nazwa osobowa (NP)
    • Estreicher, Karol
    • d
    • Daty biograficzne (NP)
    • (1827-1908).
    • 9
    • KHW
    • 23001
245 -Strefa tytułu i oznaczenia odpowiedzialności [1,0]
    • a
    • Tytuł
    • Bibliografia polska XIX stulecia. Find
    • n
    • Oznaczenie części (P)
    • T. 1- /
    • c
    • Pozostałe elementy strefy tytułu i oznaczenia odpowiedzialności (NP)
    • Karol Estreicher ; z portr. aut. pędzla Kazimierza Pochwalskiego ; pod red. Karola Estreichera [jun.] ; Polska Akademia Nauk.
246 -Wariant tytułu [3,0]
    • a
    • Tytuł (NP)
    • Bibliografia polska dziewiętnastego stulecia
246 -Wariant tytułu [1,5]
    • a
    • Tytuł (NP)
    • Bibliographie polonaise du XIXème siècle
250 -Strefa wydania [ , ]
    • a
    • Oznaczenie wydania (NP)
    • Wyd. 2, nowe.
260 -Strefa adresu wydawniczego [ , ]
    • a
    • Miejsce wydania (P)
    • Kraków :
    • b
    • Nazwa wydawcy (P)
    • nakł. Uniwersytetu Jagiellońskiego :
    • b
    • Nazwa wydawcy (P)
    • Państwowe Wydawnictwo Naukowe,
    • c
    • Data wydania (P)
    • 1959-.
300 -Strefa opisu fizycznego [ , ]
    • a
    • Określenie formy książki i/lub objętość (NP)
    • Wol. ;
    • c
    • Format (NP)
    • 25 cm.
336 -Typ zawartości [ , ]
    • a
    • Termin opisujący typ zawartości
    • Tekst
    • b
    • Kod określający zawartość
    • txt
    • 2
    • Źródło (terminu i kodu)
    • rdacontent
337 -Typ mediów [ , ]
    • a
    • Tryb odtwarzania
    • Bez urządzenia pośredniczącego
    • b
    • Kod typu mediów
    • n
    • 2
    • Źródło (terminu i kodu)
    • rdamedia
338 -Typ/rodzaj nośnika [ , ]
    • a
    • Hasło opisujące typ nośnika
    • Wolumin
    • b
    • Kod typu nośnika
    • nc
    • 2
    • Źródło (terminu i kodu)
    • rdacarrier
490 -Strefa serii i książki wielotomowej - forma nie do wyszukiwania [1, ]
    • a
    • Tytuł (P)
    • Bibliografia polska Karola Estreichera ; Find
    • v
    • Numeracja (P)
    • cz. 1
500 -Uwaga ogólna [ , ]
    • a
    • Uwaga ogólna (NP)
    • Red. t. 15: Anna Klinger, Zofia Otczykowa.
500 -Uwaga ogólna [ , ]
    • a
    • Uwaga ogólna (NP)
    • Red. t. 16: Stefania Zychowiczowa.
500 -Uwaga ogólna [ , ]
    • a
    • Uwaga ogólna (NP)
    • Red. t. 17: Stefania Jadwiga Zychowiczowa i Stanisław Siess-Krzyszkowski.
500 -Uwaga ogólna [ , ]
    • a
    • Uwaga ogólna (NP)
    • Od t. 4 inst. sprawcza: Uniwersytet Jagielloński.
500 -Uwaga ogólna [ , ]
    • a
    • Uwaga ogólna (NP)
    • Red. t. 18: Stanisław Siess-Krzyszkowski.
500 -Uwaga ogólna [ , ]
    • a
    • Uwaga ogólna (NP)
    • W t. 17 wydawcy: Wydawnictwo Uniwersytetu Jagiellońskiego : Zakład Bibliografii Polskiej im. Karola Estreichera.
500 -Uwaga ogólna [ , ]
    • a
    • Uwaga ogólna (NP)
    • W t. 18 wydawcy: Wydawnictwo Uniwersytetu Jagiellońskiego : Centrum Badawcze Bibliografii Polskiej Estreicherów.
500 -Uwaga ogólna [ , ]
    • a
    • Uwaga ogólna (NP)
    • Od t. 19 red.: Tomasz Nastulczyk.
500 -Uwaga ogólna [ , ]
    • a
    • Uwaga ogólna (NP)
    • Od t. 23 red.: Marta Kowalewska, Tomasz Nastulczyk.
080 -Uniwersalna Klasyfikacja Dziesiętna [ , ]
    • a
    • Symbol klasyfikacji
    • 015(438)
651 -Hasło przedmiotowe w formie nazwy geograficznej [ ,7]
    • a
    • Nazwa geograficzna
    • Polska
    • x
    • Określnik rzeczowy
    • druki
    • y
    • Określnik chronologiczny
    • 19 w.
    • v
    • Określnik formalny
    • bibliografia.
    • 2
    • Źródło terminu
    • kaba
    • 9
    • KHW
    • 487292
980 -Symbol UKD [ , ]
    • a
    • UKD
    • 015(438)
700 -Hasło dodatkowe - nazwa osobowa [1, ]
    • a
    • Nazwa osobowa (NP)
    • Estreicher, Karol Find
    • d
    • Daty biograficzne (NP)
    • (1906-1984).
    • e
    • Określenie rodzaju współpracy
    • Red.
    • 9
    • KHW
    • 59220
700 -Hasło dodatkowe - nazwa osobowa [1, ]
    • a
    • Nazwa osobowa (NP)
    • Klinger, Anna. Find
    • e
    • Określenie rodzaju współpracy
    • Red.
    • 9
    • KHW
    • 517773
700 -Hasło dodatkowe - nazwa osobowa [1, ]
    • a
    • Nazwa osobowa (NP)
    • Otczyk, Zofia. Find
    • e
    • Określenie rodzaju współpracy
    • Red.
    • 9
    • KHW
    • 517774
700 -Hasło dodatkowe - nazwa osobowa [1, ]
    • a
    • Nazwa osobowa (NP)
    • Zychowiczowa, Stefania Jadwiga. Find
    • e
    • Określenie rodzaju współpracy
    • Red.
    • 9
    • KHW
    • 517776
700 -Hasło dodatkowe - nazwa osobowa [1, ]
    • a
    • Nazwa osobowa (NP)
    • Siess-Krzyszkowski, Stanisław. Find
    • e
    • Określenie rodzaju współpracy
    • Red.
    • 9
    • KHW
    • 517775
700 -Hasło dodatkowe - nazwa osobowa [1, ]
    • a
    • Nazwa osobowa (NP)
    • Nastulczyk, Tomasz Find
    • d
    • Daty biograficzne (NP)
    • (1983- ).
    • e
    • Określenie rodzaju współpracy
    • Red.
    • 9
    • KHW
    • 53286
700 -Hasło dodatkowe - nazwa osobowa [1, ]
    • a
    • Nazwa osobowa (NP)
    • Kowalewska, Marta Find
    • d
    • Daty biograficzne (NP)
    • (1972- ).
    • e
    • Określenie rodzaju współpracy
    • Red.
    • 9
    • KHW
    • 716739
710 -Hasło dodatkowe - nazwa ciała zbiorowego [2, ]
    • a
    • Nazwa ciała zbiorowego lub nazwa geograficzna jako pierwszy element (NP)
    • Uniwersytet Jagielloński.
    • 4
    • Kod relacji
    • pbl
    • 9
    • KHW
    • 10873
710 -Hasło dodatkowe - nazwa ciała zbiorowego [2, ]
    • a
    • Nazwa ciała zbiorowego lub nazwa geograficzna jako pierwszy element (NP)
    • Państwowe Wydawnictwo Naukowe (1951-1992).
    • 4
    • Kod relacji
    • pbl
    • 9
    • KHW
    • 52048
710 -Hasło dodatkowe - nazwa ciała zbiorowego [2, ]
    • a
    • Nazwa ciała zbiorowego lub nazwa geograficzna jako pierwszy element (NP)
    • Uniwersytet Jagielloński.
    • b
    • Nazwa jednostki podrzędnej (P)
    • Wydawnictwo.
    • 4
    • Kod relacji
    • pbl
    • 9
    • KHW
    • 52643
800 -Hasło dodatkowe opisu książki wielotomowej - nazwa osobowa [1, ]
    • a
    • Nazwa osobowa (NP)
    • Estreicher, Karol
    • d
    • Daty biograficzne (NP)
    • (1827-1908).
    • t
    • Tytuł ujednolicony/tytuł (NP)
    • Bibliografia polska
    • l
    • Język tekstu (NP)
    • (pol.)
    • v
    • Oznaczenie tomu (NP)
    • cz. 1
    • 9
    • KHW
    • 487207
Numer inwentarzowy Numer porzadkowy Uwagi nie widoczne w OPAC Data inwentaryzacji Lokalizacja Status udost. Numer tomu Sygnatura
E.5644813 2001-12-18BE-2T.13 K-Kalendros 
E.5644914 2001-12-18BE-2T.14 Kalenkiewicz-Katakumby 
E.6183515 2001-12-18BE-2T.15 Katalogi 
E.3167   BE-6T.IA, IIB, IIIC 
Z.38358  2001-12-18BG1Cz.1 t.12 Litera JEgz. arch.
Z.22013  2001-12-18BG1Cz.1 t.11 Litera IEgz. arch.
Z.18579  2001-12-18BG1Cz.1 t.9 Gmach-GzowskiEgz. arch.
W.17220  2001-12-18BG2Cz.1 t.9 Gmach-GzowskiW.17220
Z.18980  2001-12-18BG1Cz.1 t.9 Gmach-GzowskiZ.1778
Z.35142  2001-12-18BG1Cz.1 t.9 Gmach-GzowskiZ.1778
Z.18565  2001-12-18BG1Cz.1 t.2 Litera BEgz. arch.
Z.17457  2001-12-18BG1Cz.1 t.2 Litera BZ.1778
Z.18566  2001-12-18BG1Cz.1 t.2 Litera BZ.1778
Z.18977  2001-12-18BG1Cz.1 t.2 Litera BZ.1778
Z.18569  2001-12-18BG1Cz.1 t.4 D-Dramat polskiEgz. arch.
Z.98284  2002-01-14BG1Cz.1 t.4 D-Dramat polskiZ.1778
Z.18570  2001-12-18BG1Cz.1 t.4 D-Dramat polskiZ.1778
Z.35137  2001-12-18BG1Cz.1 t.4 D-Dramat polskiZ.1778
Z.18581  2001-12-18BG1Cz.1 t.10 Litera HEgz. arch.
Z.35143  2001-12-18BG1Cz.1 t.10 Litera HZ.1778
Z.69063  2001-12-18BG1Cz.1 t.13 K-KalendrosEgz. arch.
W.148192  2001-12-18BG2Cz.1 t.13 K-KalendrosW.17220
Z.18573  2001-12-18BG1Cz.1 t.6 Litera EEgz. arch.
Z.18574  2001-12-18BG1Cz.1 t.6 Litera EZ.1778
Z.35139  2001-12-18BG1Cz.1 t.6 Litera EZ.1778
W.36768  2001-12-18BG-3Cz.1 t.7 Litera F 
Z.18575  2001-12-18BG1Cz.1 t.7 Litera FEgz. arch.
Z.18576  2001-12-18BG1Cz.1 t.7 Litera FZ.1778
Z.35140  2001-12-18BG1Cz.1 t.7 Litera FZ.1778
Z.18563  2001-12-18BG1Cz.1 t.1 Litera AEgz. arch.
Z.17456  2001-12-18BG1Cz.1 t.1 Litera AZ.1778
Z.18564  2001-12-18BG1Cz.1 t.1 Litera AZ.1778
Z.18572  2001-12-18BG1Cz.1 t.5 Dramat tłumaczony-DzwonyEgz. arch.
Z.18571  2001-12-18BG1Cz.1 t.5 Dramat tłumaczony-DzwonyZ.1778
Z.35138  2001-12-18BG1Cz.1 t.5 Dramat tłumaczony-DzwonyZ.1778
Z.69064  2001-12-18BG1Cz.1 t.14 Kalenkiewicz-katakumbyEgz. arch.
W.148193  2001-12-18BG2Cz.1 t.14 Kalenkiewicz-katakumbyW.17220
Z.83885  2001-12-18BG1Cz.1 t.15 KatalogiEgz. arch.
Z.18567  2001-12-18BG1Cz.1 t.3 Litera CEgz. arch.
Z.18568  2001-12-18BG1Cz.1 t.3 Litera CZ.1778
Z.18978  2001-12-18BG1Cz.1 t.3 Litera CZ.1778
Z.21511  2001-12-18BG2Cz.1 t.3 Litera CZ.1778
Z.18577  2001-12-18BG1Cz.1 t.8 G-GłuszyńskiEgz. arch.
Z.18288  2001-12-18BG1Cz.1 t.8 G-GłuszyńskiZ.1778
Z.35141  2001-12-18BG1Cz.1 t.8 G-GłuszyńskiZ.1778
Z.18578  2001-12-18BG1Cz.1 t.8 G-GłuszyńskiZ.1778
Z.4826  2001-12-18BG1Cz.1 t.10 Litera HZ.1778
Z.4832  2001-12-18BG1Cz.1 t.9 Gmach-GzowskiZ.1778
Z.13089  2001-12-18BG1Cz.1 t.1 Litera AZ.1778
Z.13141  2001-12-18BG1Cz.1 t.4 D-Dramat polskiZ.1778
Z.16064  2001-12-18BG2Cz.1 t.8 G-GłuszyńskiZ.1778
P.220712 2001-12-18BM1T.12 Litera JLXXI/49
P.1141915 2001-12-18BM1T.15 KatalogiLXXI/52
Z.189761depozyt BM2001-12-18BM1T.1 Litera ALXXI/40
Z.17782depozyt BM2001-12-18BM1T.2 Litera BLXXI/41
Z.17793depozyt BM2001-12-18BM1T.3 Litera CLXXI/42
Z.17805depozyt BM2001-12-18BM1T.5 Dramat tłumaczony-DzwonyLXXI/43
Z.17816depozyt BM2001-12-18BM1T.6 Litera ELXXI/44
Z.17827depozyt BM2001-12-18BM1T.7 Litera FLXXI/45
Z.182878depozyt BM2001-12-18BM1T.8 G-GłuszyńskiLXXI/46
Z.185809depozyt BM2001-12-18BM1T.9 Gmach-GzowskiLXXI/47
Z.1858210depozyt BM2001-12-18BM1T.10 Litera HLXXI/48
P.702213 2001-12-18BM1T.13 K-KalendrosLXXI/50
P.702314 2001-12-18BM1T.14 Kalenkiewicz-KatakumbyLXXI/51
F.19324  2001-12-18BNS1Cz.1 t.14 Kalenkiewicz-katakumby 
F.24744  2001-12-18BNS1Cz.1 t.15 Katalogi 
H.4300  2001-12-18BNS1Cz.1 t.15 Katalogi 
F.1932313 2001-12-18BNS1T.13 K-Kalendros 
Z.38357  2001-12-18INF1Cz.1 t.12 Litera JII.12
Z.35144  2001-12-18INF1Cz.1 t.11 Litera III.12